Commonly Misspelled Capitals and Countries - Statistics

General Stats
  • This quiz has been taken 358 times
    323 since last reset
  • The average score is 14 of 18
Answer Stats
Misspelled Correct Spelling % Correct
Austrailia Australia
100%
Bahgdad Baghdad
94%
Luxemburg Luxembourg
91%
Nicarauga Nicaragua
90%
Ruanda Rwanda
90%
Bosnia and Herzevgovina Bosnia and Herzegovina
89%
Kazahkstan Kazakhstan
85%
Litchenstein Liechtenstein
83%
Koala Lampur Kuala Lumpur
81%
Kyrgystan Kyrgyzstan
81%
Talinn Tallinn
78%
Chisnow Chișinău
73%
Ljubjana Ljubljana
73%
Cote de Ivore Cote d' Ivoire
66%
Ulanbatar Ulaanbaatar
63%
Vientane Vientiane
62%
Nuakchott Nouakchott
50%
Yamoussokro Yamoussoukro
49%
No matching quizzes found
Score Distribution
Percent of People with Each Score
Percentile by Number Answered
Your Score History
You have not taken this quiz since the last reset